[Event "22nd European Teams"]
[Site "Batumi GEO"]
[Date "2019.11.02"]
[Round "9.10"]
[Board "2"]
[White "Smirin, Ilia"]
[Black "Volodin, Aleksandr"]
[Result "1-0"]
[WhiteTitle "GM"]
[BlackTitle "GM"]
[WhiteElo "2599"]
[BlackElo "2491"]
[WhiteTeam "Israel"]
[BlackTeam "Estonia"]
[WhiteFideId "2801990"]
[BlackFideId "4501950"]
[EventDate "2019.10.24"]

1. e4 c5 2. Nf3 e6 3. d4 cxd4 4. Nxd4 Nc6 5. Nc3 Qc7 6. g3 a6 7. Bg2 Nf6 8. O-O
h5 9. h3 Bc5 10. Be3 d6 11. Qd2 Ne5 12. b3 Bd7 13. f4 Ng6 14. Nde2 Rc8 15. Nd1
b5 16. c4 bxc4 17. bxc4 O-O 18. Bxc5 Qxc5+ 19. Ne3 Bc6 20. Qd3 h4 21. g4 d5 22.
exd5 exd5 23. Qd4 Qe7 24. f5 Rfe8 25. fxg6 Qxe3+ 26. Qxe3 Rxe3 27. gxf7+ Kxf7
28. Nd4 Kg6 29. Nf5 Re2 30. Nxh4+ Kh7 31. g5 Ne4 32. g6+ Kh8 33. Nf5 dxc4 34.
Nd4 Rxg2+ 35. Kxg2 Bd5 36. Kh2 c3 37. Nf5 Nd2 38. Ne7 1-0

[Event "22nd European Teams"]
[Site "Batumi GEO"]
[Date "2019.11.02"]
[Round "9.10"]
[Board "3"]
[White "Kanep, Meelis"]
[Black "Nabaty, Tamir"]
[Result "0-1"]
[WhiteTitle "GM"]
[BlackTitle "GM"]
[WhiteElo "2448"]
[BlackElo "2658"]
[WhiteTeam "Estonia"]
[BlackTeam "Israel"]
[WhiteFideId "4501047"]
[BlackFideId "2809052"]
[EventDate "2019.10.24"]

1. d4 d5 2. c4 e6 3. Nf3 b6 4. Nc3 Nf6 5. cxd5 exd5 6. Bf4 Bd6 7. Bxd6 Qxd6 8.
e3 O-O 9. Be2 a6 10. O-O Nbd7 11. Rb1 c5 12. dxc5 bxc5 13. a3 Qc6 14. Qc2 Bb7
15. Rfd1 Rac8 16. Qf5 Rfe8 17. Bf1 Qc7 18. Rbc1 g6 19. Qg5 Qb6 20. Ne2 d4 21.
exd4 Bxf3 22. gxf3 Qxb2 23. dxc5 h6 24. Qd2 Qxa3 25. Rc3 Qa5 26. c6 Ne5 27. Qxh6
Nd5 28. Rcc1 Nxf3+ 29. Kh1 Nb4 30. Nd4 Ne5 31. Qf4 Nbxc6 32. Nf5 gxf5 33. Bc4
Ng6 34. Rg1 Ne5 35. Qxf5 Rxc4 36. Rxc4 Nxc4 37. Rxg6+ Kf8 38. Qxa5 Nxa5 39. Rxa6
Nc4 40. Kg2 Ne5 41. Kg3 Ng6 42. Ra4 Kg7 43. Rb4 Re1 44. Kg2 f5 45. Rb6 Kh6 46.
Rb7 Re4 47. h3 Rd4 48. Rb8 Rd3 49. Kh2 Nf4 50. Rh8+ Kg7 51. Rh4 Rf3 52. Kg1 Kg6
53. Kh2 Rxf2+ 54. Kg3 Nd3 55. Rd4 f4+ 56. Kh4 Rf3 57. Rd5 Kf6 58. Kg4 Rg3+ 59.
Kh4 Nf2 0-1

[Event "22nd European Teams"]
[Site "Batumi GEO"]
[Date "2019.11.02"]
[Round "9.10"]
[Board "4"]
[White "Mikhalevski, Victor"]
[Black "Sepp, Olav"]
[Result "1-0"]
[WhiteTitle "GM"]
[BlackTitle "IM"]
[WhiteElo "2570"]
[BlackElo "2411"]
[WhiteTeam "Israel"]
[BlackTeam "Estonia"]
[WhiteFideId "2801914"]
[BlackFideId "4500105"]
[EventDate "2019.10.24"]

1. d4 Nf6 2. c4 g6 3. Nc3 Bg7 4. g3 O-O 5. Bg2 d6 6. Nf3 Nc6 7. O-O e5 8. dxe5
Nxe5 9. b3 c6 10. Nd4 Re8 11. e4 a6 12. a4 a5 13. Nde2 Bg4 14. f3 Be6 15. Be3 d5
16. Bd4 Nxe4 17. fxe4 dxc4 18. bxc4 Bxc4 19. Kh1 Qe7 20. Qc2 h5 21. h3 Rad8 22.
Rad1 Rd7 23. Qc1 Bb3 24. Bxe5 Bxe5 25. Rxd7 Qxd7 26. Qa3 Be6 27. Rd1 Qc8 28. h4
Bg4 29. Rd3 Rd8 30. Rxd8+ Qxd8 31. Qc5 Bxg3 32. Qg5 Qxg5 33. hxg5 Be5 34. Kg1 h4
35. Kf2 Kf8 36. Bf3 Be6 37. Ke3 Ke7 38. Nd4 Bd7 39. Nd1 c5 40. Nb5 Bxb5 41. axb5
Bd4+ 42. Kd3 b6 43. e5 h3 44. Bd5 Bxe5 45. Ne3 Bf4 46. Nc4 Bc7 47. Ke3 f6 48.
Kf3 fxg5 49. Kg4 Kf6 50. Kxh3 Kf5 51. Kg2 g4 52. Kf2 Kf4 53. Kg2 Kf5 54. Kf1 Kf4
55. Kf2 g3+ 56. Ke2 g5 57. Bg2 Bd8 58. Ne3 Ke5 59. Kd3 Kf4 60. Nd5+ Ke5 61. Nc3
Kf4 62. Ne2+ Kg4 63. Nc3 Kf4 64. Nd5+ Ke5 65. Ne3 Kf4 66. Kd2 Ke5 67. Kc3 Kf4
68. Kd3 Ke5 69. Nd5 Kf5 70. Kd2 Ke5 71. Kc3 Kf5 72. Ne3+ Kf4 73. Nc4 Bc7 74. Kd2
Bd8 75. Nb2 Bf6 76. Na4 Bd8 77. Nc3 Ke5 78. Ne2 Bc7 79. Kd3 Kf5 80. Bh3+ Ke5 81.
Bg2 Kf5 82. Nc3 Ke5 83. Ne4 Kf5 84. Nc3 Ke5 85. Bc6 Kf5 86. Bd7+ Ke5 87. Bh3 Bd8
88. Ne2 Bc7 89. Bg2 Kf5 90. Be4+ Kg4 91. Bg2 Kf5 92. Kc4 Ke6 93. Bh3+ Ke5 94.
Bg2 Ke6 95. Bd5+ Kf5 96. Bc6 Kg4 97. Bg2 a4 98. Nc3 a3 99. Kb3 Bd8 100. Ne2 Be7
101. Kxa3 c4+ 102. Kb2 Bf6+ 103. Kc2 Be5 104. Kd2 Bf6 105. Ke3 Bb2 106. Ke4 Kh4
107. Nd4 Kg4 108. Nc2 Bf6 109. Ne3+ 1-0

[Event "22nd European Teams"]
[Site "Batumi GEO"]
[Date "2019.11.02"]
[Round "9.11"]
[Board "1"]
[White "Lupulescu, Constantin"]
[Black "Bogner, Sebastian"]
[Result "1/2-1/2"]
[WhiteTitle "GM"]
[BlackTitle "GM"]
[WhiteElo "2643"]
[BlackElo "2571"]
[WhiteTeam "Romania"]
[BlackTeam "Switzerland"]
[WhiteFideId "1207822"]
[BlackFideId "4692055"]
[EventDate "2019.10.24"]

1. e4 c6 2. Nf3 d5 3. Nc3 Nf6 4. e5 Ne4 5. Ne2 Qb6 6. d4 e6 7. Ng3 c5 8. Bd3
Nxg3 9. hxg3 cxd4 10. Ng5 Nc6 11. Nxh7 Bd7 12. Nf6+ gxf6 13. Rxh8 O-O-O 14. Kf1
fxe5 15. Bg5 Re8 16. Rb1 e4 17. Be2 Bg7 18. Rxe8+ Bxe8 19. Qd2 Qc5 20. b4 Qc3
21. Qd1 Qa3 22. b5 Na5 23. Bd2 Nc4 24. Bb4 Qxa2 25. Ra1 Qb2 26. Rb1 Qa2 27. Ra1
Qb2 28. Rb1 Qa2 29. Ra1 Qb2 30. Rb1 Qa2 1/2-1/2

[Event "22nd European Teams"]
[Site "Batumi GEO"]
[Date "2019.11.02"]
[Round "9.11"]
[Board "2"]
[White "Pelletier, Yannick"]
[Black "Parligras, Mircea-Emilian"]
[Result "1/2-1/2"]
[WhiteTitle "GM"]
[BlackTitle "GM"]
[WhiteElo "2555"]
[BlackElo "2629"]
[WhiteTeam "Switzerland"]
[BlackTeam "Romania"]
[WhiteFideId "1301837"]
[BlackFideId "1204297"]
[EventDate "2019.10.24"]

1. d4 Nf6 2. c4 e6 3. Nf3 d5 4. g3 Bb4+ 5. Bd2 Bd6 6. Bg2 c6 7. Nc3 Nbd7 8. b3
dxc4 9. bxc4 e5 10. e3 exd4 11. Nxd4 Ne5 12. Qe2 Bg4 13. f3 Bh5 14. Nb3 Ba3 15.
Rb1 Nd3+ 16. Kf1 O-O 17. e4 Re8 18. Be3 Ne5 19. Kf2 Bb4 20. Rhd1 Qe7 21. Bd4
Rad8 22. Rbc1 Qe6 23. Bxe5 Qxe5 24. Rxd8 Rxd8 25. Qe3 a5 26. c5 Bg4 27. Na4 Be6
28. Rc2 Rd1 29. Nb2 Rb1 30. Nd3 Qh5 31. Rc1 Rxc1 32. Qxc1 Bxb3 33. axb3 Nd7 34.
e5 Nxe5 35. Nxb4 axb4 36. Qd2 h6 37. Qd8+ Kh7 38. Qd4 Qf5 39. Ke3 Nd7 40. Qd3
Qxd3+ 41. Kxd3 Nxc5+ 42. Kc4 Nd7 43. Bh3 Ne5+ 44. Kxb4 Nxf3 45. Kc5 Nd2 46. b4
Ne4+ 47. Kb6 Nc3 48. Kxb7 Nd5 49. Kxc6 Nxb4+ 50. Kc5 Nd3+ 51. Kd4 Ne1 52. Bf5+
g6 53. Be4 f5 54. Bb7 Kg7 55. Kc3 Kf6 56. Kd2 Kg5 57. Kxe1 Kg4 58. Kf2 Kh3 59.
Kg1 h5 60. Ba6 h4 61. Bf1+ Kg4 62. Kf2 Kg5 63. Kf3 Kf6 64. Ke3 Ke5 65. Bg2 Ke6
66. Kd4 Kf6 67. Bf3 Ke6 68. Be2 Kf6 69. Kd5 f4 70. g4 h3 71. Bf1 Kg5 72. Bxh3
Kh4 73. Ke4 g5 74. Bg2 Kxg4 1/2-1/2

[Event "22nd European Teams"]
[Site "Batumi GEO"]
[Date "2019.11.02"]
[Round "9.11"]
[Board "3"]
[White "Deac, Bogdan-Daniel"]
[Black "Georgiadis, Nico"]
[Result "1/2-1/2"]
[WhiteTitle "GM"]
[BlackTitle "GM"]
[WhiteElo "2613"]
[BlackElo "2528"]
[WhiteTeam "Romania"]
[BlackTeam "Switzerland"]
[WhiteFideId "1226380"]
[BlackFideId "1300113"]
[EventDate "2019.10.24"]

1. e4 e5 2. Nf3 Nc6 3. Bb5 Nf6 4. d3 Bc5 5. Bxc6 dxc6 6. Nbd2 O-O 7. Nc4 Nd7 8.
h4 Re8 9. h5 b5 10. Ne3 Nb6 11. Nh4 Be7 12. Nhf5 Bg5 13. Qg4 Qf6 14. Qg3 Bf4 15.
Ng4 Qxf5 16. Nh6+ Kh8 17. Nxf5 Bxg3 18. Nxg3 h6 19. b3 a5 20. Be3 a4 21. b4 a3
22. Nf1 Be6 23. Nd2 Ra4 24. c3 Rd8 25. Ke2 Raa8 26. Bxb6 cxb6 27. Nf3 f6 28. Ne1
Rd7 29. Nc2 Rad8 30. Rad1 Bxa2 31. Nxa3 Be6 32. f3 f5 33. Rh4 f4 34. Rhh1 Ra8
35. Nc2 Ra2 36. Rd2 Bb3 37. Rc1 Bf7 38. d4 exd4 39. cxd4 Bxh5 40. d5 cxd5 41.
Rxd5 Rxd5 42. exd5 Bg6 43. Kd1 Ra7 44. Nd4 Rd7 45. Ke1 Rxd5 46. Ne2 Rd6 47. Nxf4
Bf7 48. Rc7 Rf6 49. Ne2 Bc4 50. Ng3 Rf7 51. Rxf7 Bxf7 52. Nf5 Kh7 53. f4 Kg6 1/2-1/2

[Event "22nd European Teams"]
[Site "Batumi GEO"]
[Date "2019.11.02"]
[Round "9.11"]
[Board "4"]
[White "Kurmann, Oliver"]
[Black "Gavrilescu, David"]
[Result "1/2-1/2"]
[WhiteTitle "IM"]
[BlackTitle "IM"]
[WhiteElo "2420"]
[BlackElo "2451"]
[WhiteTeam "Switzerland"]
[BlackTeam "Romania"]
[WhiteFideId "1308173"]
[BlackFideId "1227190"]
[EventDate "2019.10.24"]

1. e4 e6 2. d4 d5 3. Nd2 c5 4. exd5 Qxd5 5. Ngf3 cxd4 6. Bc4 Qd7 7. O-O Nc6 8.
Nb3 a6 9. Nbxd4 Nxd4 10. Nxd4 Qc7 11. Bb3 Bd6 12. Qh5 Nf6 13. Qh4 Bd7 14. Bg5
O-O-O 15. Rad1 h6 16. Bxf6 gxf6 17. Rd3 Kb8 18. Rc3 Qa5 19. Qxf6 Qg5 20. Qxf7
Rhf8 21. Nxe6 Qe5 22. f4 Bc5+ 23. Nxc5 Qd4+ 24. Rf2 Qd1+ 25. Rf1 Qd4+ 26. Rf2
Qd1+ 27. Rf1 1/2-1/2

[Event "22nd European Teams"]
[Site "Batumi GEO"]
[Date "2019.11.02"]
[Round "9.12"]
[Board "1"]
[White "Kovalev, Vladislav"]
[Black "Indjic, Aleksandar"]
[Result "1-0"]
[WhiteTitle "GM"]
[BlackTitle "GM"]
[WhiteElo "2661"]
[BlackElo "2638"]
[WhiteTeam "Belarus"]
[BlackTeam "Serbia"]
[WhiteFideId "13504398"]
[BlackFideId "911925"]
[EventDate "2019.10.24"]

1. e4 c5 2. Nc3 a6 3. Nf3 d6 4. d4 cxd4 5. Nxd4 Nf6 6. h3 e6 7. g4 h6 8. Bg2 g5
9. Nde2 Nc6 10. f4 Rg8 11. Rf1 Nd7 12. Be3 gxf4 13. Nxf4 Nce5 14. Nh5 b5 15. Qd2
Bb7 16. O-O-O Rg5 17. Kb1 Rc8 18. Bd4 Rc4 19. Ne2 Qc7 20. b3 Rc5 21. Rf2 Be7 22.
Nef4 b4 23. Nd3 Nxd3 24. cxd3 a5 25. Qf4 Ne5 26. Bxe5 dxe5 27. Qxf7+ Kd8 28. Ng7
Rxg7 29. Qxg7 Rc3 30. d4 Ba6 31. Bf1 Bxf1 32. Qg8+ Kd7 33. Rfxf1 Qc6 34. d5 Qb6
35. dxe6+ 1-0

[Event "22nd European Teams"]
[Site "Batumi GEO"]
[Date "2019.11.02"]
[Round "9.12"]
[Board "2"]
[White "Sedlak, Nikola"]
[Black "Zhigalko, Sergei"]
[Result "1-0"]
[WhiteTitle "GM"]
[BlackTitle "GM"]
[WhiteElo "2557"]
[BlackElo "2574"]
[WhiteTeam "Serbia"]
[BlackTeam "Belarus"]
[WhiteFideId "922900"]
[BlackFideId "13502956"]
[EventDate "2019.10.24"]

1. d4 Nf6 2. Nf3 e6 3. Bf4 b6 4. e3 Bb7 5. c4 Be7 6. Nc3 Nh5 7. Bd3 Nxf4 8. exf4
Bf6 9. O-O O-O 10. Re1 g6 11. Be4 Bxe4 12. Nxe4 Bg7 13. Qc2 a5 14. Rad1 Na6 15.
a3 d6 16. h4 h5 17. Nfg5 Qd7 18. Ng3 Rfe8 19. Re3 Bf6 20. N3e4 Bg7 21. Qe2 d5
22. Ng3 dxc4 23. Nxh5 gxh5 24. Qxh5 f6 25. Qh7+ Kf8 26. h5 Rad8 27. Rf3 Nc5 28.
h6 Nd3 29. Rg3 Nxf4 30. hxg7+ Qxg7 31. Nxe6+ Nxe6 32. Rxg7 Nxg7 33. Qc2 Ne6 34.
Qg6 Ke7 35. Re1 c6 36. Qg7+ Kd6 37. Qxf6 Rd7 38. f4 1-0

[Event "22nd European Teams"]
[Site "Batumi GEO"]
[Date "2019.11.02"]
[Round "9.12"]
[Board "3"]
[White "Stupak, Kirill"]
[Black "Zajic, Milan"]
[Result "1-0"]
[WhiteTitle "GM"]
[BlackTitle "GM"]
[WhiteElo "2551"]
[BlackElo "2477"]
[WhiteTeam "Belarus"]
[BlackTeam "Serbia"]
[WhiteFideId "13503758"]
[BlackFideId "912336"]
[EventDate "2019.10.24"]

1. d4 Nf6 2. c4 e6 3. Nf3 d5 4. Bg5 Bb4+ 5. Nbd2 h6 6. Bh4 dxc4 7. e3 b5 8. a3
Be7 9. b3 c3 10. Nb1 a6 11. Nxc3 c5 12. Bxf6 Bxf6 13. Ne4 cxd4 14. Nxf6+ Qxf6
15. Qxd4 Qxd4 16. Nxd4 Bd7 17. Rc1 Ke7 18. Bd3 Rc8 19. Rxc8 Bxc8 20. Kd2 Bb7 21.
Rc1 Kd6 22. Be2 Nc6 23. Nxc6 Bxc6 24. Rxc6+ 1-0

[Event "22nd European Teams"]
[Site "Batumi GEO"]
[Date "2019.11.02"]
[Round "9.12"]
[Board "4"]
[White "Ivic, Velimir"]
[Black "Zarubitski, Viachaslau"]
[Result "1-0"]
[WhiteTitle "IM"]
[BlackTitle "IM"]
[WhiteElo "2525"]
[BlackElo "2435"]
[WhiteTeam "Serbia"]
[BlackTeam "Belarus"]
[WhiteFideId "950122"]
[BlackFideId "13509373"]
[EventDate "2019.10.24"]

1. e4 c5 2. Nf3 e6 3. d4 cxd4 4. Nxd4 Nc6 5. Nc3 Qc7 6. Be3 a6 7. a3 b5 8. Nxc6
Qxc6 9. Bd3 Bb7 10. Qd2 Qc7 11. Bf4 d6 12. O-O-O Nf6 13. Rhe1 e5 14. Bg5 Be7 15.
f4 O-O 16. g4 exf4 17. Qxf4 Rae8 18. h4 Nd7 19. Bxe7 Rxe7 20. g5 Qc5 21. Rg1 Qe5
22. Qd2 Nc5 23. Kb1 Rfe8 24. h5 Re6 25. Rde1 Qd4 26. Rd1 Qe5 27. Rde1 Bc6 28.
Qf2 g6 29. Ref1 R8e7 30. hxg6 hxg6 31. Rh1 Qxg5 32. Rh4 f6 33. Rg1 Qe5 34. Rxg6+
Kf7 35. Rhh6 Ke8 36. Rxf6 Rxf6 37. Rxf6 Kd7 38. Rf5 Qh8 39. Nd5 Bxd5 40. Rxd5
Qh1+ 41. Ka2 Nxe4 42. Qd4 Kc8 43. c4 Kb7 44. cxb5 a5 45. Rf5 Qe1 46. Qd5+ Ka7
47. Qc6 1-0

[Event "22nd European Teams"]
[Site "Batumi GEO"]
[Date "2019.11.02"]
[Round "9.13"]
[Board "2"]
[White "Hansen, Sune Berg"]
[Black "Dragnev, Valentin"]
[Result "0-1"]
[WhiteTitle "GM"]
[BlackTitle "GM"]
[WhiteElo "2573"]
[BlackElo "2550"]
[WhiteTeam "Denmark"]
[BlackTeam "Austria"]
[WhiteFideId "1400266"]
[BlackFideId "1634852"]
[EventDate "2019.10.24"]

1. d4 Nf6 2. c4 e6 3. Nf3 d5 4. g3 Bb4+ 5. Bd2 Be7 6. Bg2 O-O 7. O-O Nbd7 8. Bf4
dxc4 9. Qc2 Nd5 10. Qxc4 Nxf4 11. gxf4 Nb6 12. Qc2 Nd5 13. e3 f6 14. Nbd2 Kh8
15. Rac1 Qe8 16. Ne4 Rg8 17. Ng3 Bd7 18. a3 a5 19. Rfe1 a4 20. Qd2 Rc8 21. e4
Nb6 22. d5 Qf7 23. dxe6 Bxe6 24. Qc3 Rgd8 25. Bf1 Ba2 26. Bh3 Be6 27. Bf1 Ba2
28. Nd4 Bd6 29. e5 fxe5 30. fxe5 Be7 31. Ndf5 Bg5 32. Rcd1 Rxd1 33. Rxd1 Rf8 34.
Qd4 Be6 35. f4 Bxf4 36. Qxf4 g6 37. Bg2 gxf5 38. Bxb7 Nc4 39. Rc1 Nxb2 40. Ba6
c5 41. Be2 Qa7 42. h3 c4+ 43. Kh2 Qc5 44. Rc2 c3 45. Bf1 Bb3 46. Rc1 c2 47. Be2
Re8 48. e6 Qd5 49. Bh5 Nd3 50. Qc7 Rxe6 51. Bf7 Nxc1 52. Qc3+ Qe5 53. Qc8+ Kg7
54. Qg8+ Kf6 55. Bxe6 Qxe6 56. Nh5+ Ke7 57. Qg7+ Kd6 58. Qd4+ Kc6 59. Qc3+ Kb5
60. Qb4+ Ka6 61. Nf4 Qe5 0-1

[Event "22nd European Teams"]
[Site "Batumi GEO"]
[Date "2019.11.02"]
[Round "9.13"]
[Board "3"]
[White "Shengelia, David"]
[Black "Thybo, Jesper Sondergaard"]
[Result "1/2-1/2"]
[WhiteTitle "GM"]
[BlackTitle "IM"]
[WhiteElo "2531"]
[BlackElo "2550"]
[WhiteTeam "Austria"]
[BlackTeam "Denmark"]
[WhiteFideId "13601270"]
[BlackFideId "1438832"]
[EventDate "2019.10.24"]

1. d4 Nf6 2. c4 e6 3. Nc3 Bb4 4. e3 O-O 5. Bd3 d5 6. cxd5 exd5 7. Ne2 Bd6 8. Bd2
c6 9. Rc1 Re8 10. O-O Ng4 11. Nf4 Qh4 12. h3 Nf6 13. g3 Qh6 14. h4 Ne4 15. Nxe4
dxe4 16. Bc4 Nd7 17. Qb3 Qf6 18. Bc3 Qf5 19. d5 Nc5 20. Qd1 Bxf4 21. Qd4 Be5 22.
Qxc5 Qh3 23. Be2 Bxg3 24. fxg3 Qxg3+ 25. Kh1 Qxh4+ 26. Kg1 Bh3 27. Qd6 Qg5+ 28.
Kf2 Rad8 29. Rg1 Qxg1+ 30. Rxg1 Rxd6 31. Rxg7+ Kf8 32. Rxh7 Bf5 33. Rh5 Bg6 34.
Bb4 Rd8 35. dxc6 bxc6 36. Ra5 Ke8 37. Bxd6 Rxd6 38. b3 Rd7 39. Kg3 Ke7 40. Bg4
Rb7 41. Kf4 Kd6 42. Bh3 Re7 43. Ra4 Kc5 44. Bf5 Bxf5 45. Kxf5 Kb5 46. Kf6 Rd7
47. Rxe4 a5 48. a4+ Kb6 49. Re8 Kc5 50. Ra8 Rd3 51. Rxa5+ Kb4 52. Ra6 Rxe3 53.
Rxc6 Rxb3 54. Rb6+ Kxa4 55. Rxb3 Kxb3 56. Kxf7 1/2-1/2

[Event "22nd European Teams"]
[Site "Batumi GEO"]
[Date "2019.11.02"]
[Round "9.13"]
[Board "4"]
[White "Bjerre, Jonas Buhl"]
[Black "Schreiner, Peter"]
[Result "1-0"]
[WhiteTitle "IM"]
[BlackTitle "IM"]
[WhiteElo "2506"]
[BlackElo "2464"]
[WhiteTeam "Denmark"]
[BlackTeam "Austria"]
[WhiteFideId "1444948"]
[BlackFideId "1621645"]
[EventDate "2019.10.24"]

1. d4 Nf6 2. c4 g6 3. Nc3 d5 4. cxd5 Nxd5 5. e4 Nxc3 6. bxc3 Bg7 7. Be3 c5 8.
Nf3 Qa5 9. Qd2 b6 10. Rc1 e6 11. Bh6 Bxh6 12. Qxh6 cxd4 13. Qg7 Rf8 14. Nxd4 Ba6
15. Bxa6 Qxa6 16. c4 Qa5+ 17. Ke2 Na6 18. Rhd1 O-O-O 19. Nc6 Qxa2+ 20. Ke1 Rxd1+
21. Rxd1 Qa3 22. Qd4 Nb8 23. Ne5 Qe7 24. Rc1 Qb4+ 25. Kf1 f6 26. Nf3 Nc6 27. Qa1
Qa5 28. Qb2 Qb4 29. Qa1 Kb7 30. c5 Qxe4 31. cxb6 axb6 32. Kg1 e5 33. Qa2 Rc8 34.
Qe6 Qf5 35. Qd6 Rc7 36. h3 g5 37. Nd2 Qd7 38. Nc4 b5 39. Qf8 Qe7 40. Nd6+ Kb6
41. Nc8+ Rxc8 42. Rxc6+ Rxc6 43. Qxe7 Ka5 44. Qa3+ Kb6 45. Kf1 Rc4 46. Qe7 b4
47. Qxf6+ Kb5 48. Qxe5+ Ka4 49. Qb2 b3 50. Qa1+ Kb5 51. Qa3 Rc3 52. Ke2 Kc4 53.
Qa4+ Kc5 54. Kd2 b2 55. Qa5+ 1-0

[Event "22nd European Teams"]
[Site "Batumi GEO"]
[Date "2019.11.02"]
[Round "9.14"]
[Board "1"]
[White "Tari, Aryan"]
[Black "Nyback, Tomi"]
[Result "1-0"]
[WhiteTitle "GM"]
[BlackTitle "GM"]
[WhiteElo "2630"]
[BlackElo "2565"]
[WhiteTeam "Norway"]
[BlackTeam "Finland"]
[WhiteFideId "1510045"]
[BlackFideId "503142"]
[EventDate "2019.10.24"]

1. e4 e5 2. Nf3 Nc6 3. Bb5 a6 4. Ba4 Nf6 5. O-O Be7 6. Re1 b5 7. Bb3 O-O 8. a4
b4 9. d4 d6 10. dxe5 Nxe5 11. Bf4 Ng6 12. Bg3 Bb7 13. Nbd2 Nh5 14. Nc4 Nxg3 15.
hxg3 a5 16. e5 Bxf3 17. gxf3 Nxe5 18. Nxe5 dxe5 19. Rxe5 Bf6 20. Rd5 Qe7 21. Rd7
Qc5 22. Qd3 Rae8 23. Kg2 g6 24. Rh1 Re7 25. Rd5 Qa7 26. Qd2 Bg7 27. Bc4 c6 28.
Rd6 Qc5 29. b3 Rfe8 30. Rd7 Bf8 31. Rh4 Qf5 32. Rxe7 Rxe7 33. Rf4 Qd7 34. Rd4
Qc7 35. Rd8 Kg7 36. f4 c5 37. Qd5 Qb6 38. Rc8 Ra7 39. Qe5+ Kg8 40. Kh2 Qb7 41.
Qxc5 Qe7 42. Qxe7 Rxe7 43. Ra8 Rd7 44. Kg2 1-0

[Event "22nd European Teams"]
[Site "Batumi GEO"]
[Date "2019.11.02"]
[Round "9.14"]
[Board "2"]
[White "Keinanen, Toivo"]
[Black "Christiansen, Johan-Sebastian"]
[Result "0-1"]
[WhiteTitle "FM"]
[BlackTitle "GM"]
[WhiteElo "2428"]
[BlackElo "2558"]
[WhiteTeam "Finland"]
[BlackTeam "Norway"]
[WhiteFideId "509825"]
[BlackFideId "1512668"]
[EventDate "2019.10.24"]

1. c4 c5 2. g3 Nc6 3. Bg2 g6 4. Nc3 Bg7 5. Nf3 d6 6. O-O e6 7. d3 Nge7 8. Bg5 h6
9. Bd2 O-O 10. a3 b6 11. Rb1 Bb7 12. b4 Qd7 13. b5 Nd4 14. Nxd4 cxd4 15. Bxb7
Qxb7 16. Na2 d5 17. Bb4 dxc4 18. dxc4 Rfc8 19. Bxe7 Qxe7 20. Qb3 a6 21. bxa6
Rxa6 22. Nb4 Ra5 23. Rfc1 Qa7 24. Nd3 Rc6 25. Ra1 h5 26. Ra2 h4 27. Nb4 Rc8 28.
a4 Bf6 29. Qf3 Bg5 30. Rca1 Rac5 31. Nd3 Rf5 32. Qe4 hxg3 33. hxg3 Rxc4 34. Ne5
Rc5 35. Nd3 Ra5 36. g4 Rfd5 37. Kg2 Rd8 38. f4 Bf6 39. Rb1 Rd6 40. Rc2 Rxa4 41.
Rc8+ Rd8 42. Rxd8+ Bxd8 43. f5 gxf5 44. gxf5 Qe7 45. Qg4+ Kf8 46. Rf1 exf5 47.
Rxf5 Ra5 48. Rxa5 bxa5 49. Qxd4 Qxe2+ 50. Kg1 Qd1+ 51. Kg2 Qc2+ 52. Kf1 Bf6 53.
Qd6+ Kg8 54. Qg3+ Bg7 55. Qb8+ Kh7 56. Qb5 Qd1+ 57. Kg2 Qe2+ 58. Kg3 a4 59. Nf4
Qxb5 0-1

[Event "22nd European Teams"]
[Site "Batumi GEO"]
[Date "2019.11.02"]
[Round "9.14"]
[Board "3"]
[White "Salomon, Johan"]
[Black "Sipila, Vilka"]
[Result "1/2-1/2"]
[WhiteTitle "GM"]
[BlackTitle "IM"]
[WhiteElo "2507"]
[BlackElo "2405"]
[WhiteTeam "Norway"]
[BlackTeam "Finland"]
[WhiteFideId "1509500"]
[BlackFideId "505455"]
[EventDate "2019.10.24"]

1. Nf3 d5 2. g3 Nf6 3. Bg2 c5 4. O-O e6 5. c4 d4 6. e3 Nc6 7. exd4 cxd4 8. d3
Bd6 9. Bg5 h6 10. Bxf6 Qxf6 11. Nbd2 Qd8 12. a3 a5 13. Qc2 O-O 14. c5 Bc7 15. b3
e5 16. Rfe1 Re8 17. Rab1 Be6 18. Nc4 Bd5 19. b4 axb4 20. axb4 f6 21. Nh4 Bxg2
22. Kxg2 Qd5+ 23. Kg1 Ne7 24. Qe2 f5 25. Nd6 Bxd6 26. cxd6 Nc8 27. Nxf5 Nxd6 28.
Nxd6 Qxd6 29. Qh5 Re7 30. Re2 Ra3 31. Rc1 Kh7 32. Qf3 Qg6 33. Re4 Ra2 34. Qd1
Re8 35. Rc2 Ra3 36. Qf3 Re7 37. Kg2 Rf7 38. Qe2 Rb3 39. Rc5 Rxb4 40. Rexe5 Rb6
41. Rc4 Rbf6 42. Re4 Rxf2+ 43. Qxf2 Rxf2+ 44. Kxf2 Qb6 45. Rcxd4 Qb2+ 46. Kg1 b5
47. Rf4 1/2-1/2

[Event "22nd European Teams"]
[Site "Batumi GEO"]
[Date "2019.11.02"]
[Round "9.14"]
[Board "4"]
[White "Koykka, Pekka"]
[Black "Notkevich, Benjamin Arvola"]
[Result "0-1"]
[WhiteTitle "FM"]
[BlackTitle "GM"]
[WhiteElo "2381"]
[BlackElo "2494"]
[WhiteTeam "Finland"]
[BlackTeam "Norway"]
[WhiteFideId "504319"]
[BlackFideId "1506536"]
[EventDate "2019.10.24"]

1. d4 d5 2. c4 c6 3. cxd5 cxd5 4. Bg5 h6 5. Bh4 Qb6 6. Nc3 e6 7. Qd2 Be7 8. Bxe7
Nxe7 9. e3 O-O 10. Bd3 Bd7 11. f4 Bc6 12. Nf3 Nd7 13. g4 Nf6 14. Ne5 Ne4 15.
Nxe4 dxe4 16. Nxc6 Qxc6 17. Rc1 Qd5 18. Rc5 Qxa2 19. Bxe4 b6 20. Rc3 Nd5 21. Ra3
Qc4 22. Kf2 Rfc8 23. Raa1 a5 24. Rhc1 Qb3 25. Bc2 Qb5 26. Ba4 Qa6 27. Qe2 Qb7
28. Bb5 Nf6 29. Qf3 Qe7 30. Bc6 Ra7 31. Rc4 Rac7 32. Rac1 g6 33. h3 Qd6 34. Kg3
Kg7 35. R1c3 Ng8 36. Qe4 Ne7 37. Bb5 Nd5 38. Rc1 g5 39. Kf3 Rxc4 40. Rxc4 Rxc4
41. Bxc4 Nf6 42. Qd3 Qc6+ 43. Kf2 Qh1 44. Qf1 Qh2+ 45. Kf3 Qxb2 46. fxg5 hxg5
47. h4 gxh4 48. g5 Nh7 49. Bd3 Nxg5+ 50. Kg4 h3 51. Be2 f6 0-1